MDQL
is popping MORE tags! Check the
thread
!
Quizzes
Events
Quiz Creation
Community
Videos
Private Events
Remove Ads
Sign In
Join for FREE
Feedback
Dark Mode
Quiz Categories
Sports
Geography
Music
Movies
Television
Just For Fun
Miscellaneous
History
Literature
Language
Science
Gaming
Entertainment
Religion
Holiday
For Kids
Quiz Lab
Recent
Popular Today
Quiz Kudos Today
Editor Picks
Curator Picks
Quizzes by...
Day
Popularity
Type
Ratings
Length
Year
Community
Subscriptions
Recent Discussions
Orange Saloon
Badges
Playlists
Quests
Create
Leaderboards
Showdown
Live 5
Trivia Bingo
Activity
Puzzle Library
Sporcle Events
Private Events
Virtual Trivia
Globe League
Become a Host
Pub Owners
SporcleCon
Opinionation
Our Games
Videos
Blog
Mobile Apps
Partnerships
Remove Ads and Go Orange
Feedback
Gaming
Video Games
Board Games
Card Games
Pokémon
Mario
Nintendo
Minecraft
Console
Toys
Legend of Zelda
Gaming
Video Games
Board Games
Card Games
Pokémon
Mario
Nintendo
Minecraft
Console
Toys
Legend of Zelda
Random Quiz
Search Sporcle
×
Quiz Lab
Quiz Lab
Gaming
Quest
Type in answers that appear in a list
Type in answers that appear in a list
Classic
Best Score? Go Orange.
Dragon Quest Villains Stats
Can you name the Dragon Quest Villains?
By
MasterWarlord
12m
31 Questions
130 Plays
130 Plays
130 Plays
Comments
Comments
Give Quiz Kudos
Give Quiz Kudos
-
- Ratings
hide this ad
Replay
Link that replays current quiz
Next Quiz
Link to next quiz in quiz playlist
You Got
0%
They Got
Avg Score
54%
Avg Friend Score
Upgrade to see
Score Distribution
Jump to the score distribution portion of the page
Score
0/31
Timer
12:00
0
Plays Today
Game
villain
% Correct
Dragon Quest 1
Dragon
88.5%
Dragon Quest 1 (Main villain)
Dracolord
86.9%
Dragon Quest 4 (Main villain)
Psaro
82.3%
Dragon Quest 3 (Main villain)
Zoma
80%
Dragon Quest 2 (Main villain)
Malroth
78.5%
Dragon Quest 8 (Main villain)
Rhapthorne
76.9%
Dragon Quest 8 (Major villain)
Dhoulmagus
73.1%
Dragon Quest 5 (Main villain)
Nimzo
72.3%
Dragon Quest 3 (Major villain)
Baramos
71.5%
Dragon Quest 2 (Main villain)
Hargon
69.2%
Dragon Quest 6 (Main villain)
Mortamor
69.2%
Dragon Quest 4 (Major villain)
Estark
68.5%
Dragon Quest 7 (Main villain)
Orgodemir
68.5%
Dragon Quest 6 (Major villain)
Mudo
65.4%
Dragon Quest 4 (Main villain)
Aamon
54.6%
Dragon Quest 1
Golem
53.1%
Game
villain
% Correct
Dragon Quest 5 (Major villain)
Ladja
51.5%
Dragon Quest 5
Kon the Knight
48%
Dragon Quest 8
Marcello
46.2%
Dragon Quest 8
Evil Sir Leopold
40.8%
Dragon Quest 6
Jamiras
39.2%
Dragon Quest 6
Gracos
39.2%
Dragon Quest 6
Dhuran
39.2%
Dragon Quest 7
Gracos
39.2%
Dragon Quest 4
Balzack
36.9%
Dragon Quest 4
Marquis De Leon
34.6%
Dragon Quest 5
Slon the Rook
32%
Dragon Quest 8
Gemon
27.7%
Dragon Quest 6
Akbar
26.9%
Dragon Quest 5
Bjørn the Behemoose
25.4%
Dragon Quest 5
King Korol
22.3%
Quiz Playlist
Details
Report
Send in Message
Add To Playlist
Classic:
Type in answers that appear in a list
Last Updated: Feb 16, 2017
Quiz Scoreboard
CHALLENGE
Sign Up to Join the Scoreboard
Show All
Scores
Hide
Comments
May contain spoilers
Recently Published
Colored Red Africa Blitz
by spor1
Geography
30s
Find the 'City' Movie
by crazypaving
Movies
60s
5x2 Blitz: Bands
by SL_Kpop136
Music
30s
More to Explore
Quiz From the Vault
Featured Blog Post
14 Easter Pick-up Lines to Find Eggs With
hide this ad
You Might Also Like...
Tags
Dragon
Dragon Quest
Quest
Today's Top Quizzes in Gaming
Browse Gaming
hide this ad
Today's Top Quizzes in Quest
Browse Quest
Top Contributed Quizzes in Gaming
1
Dead By Daylight Logic Puzzle
2
League of Legends Pro Players by Career/Team History
3
Destiny 2 exotic weapons by perk icons
4
Genshin Impact Logic Puzzle
5
Overwatch 2: Ultimate Ability Icons
6
Genshin Impact Logic Puzzle Quiz II
7
Windmill: Elements
8
Overwatch Logic Puzzle
9
Genshin Impact Logic Puzzle Quiz
10
Genshin murder mystery
Explore More
Trending Topics
Anime
Marvel
NBA
Crossword
Disney
Harry Potter
Kpop
Pokémon
Country
WWE
Soccer
The Office
Puzzle
NFL
Song
hide this ad
More By:
MasterWarlord
Quiz
Plays
Rating
Category
Featured
Created
FullMetal Alchemist Characters
1,878
2.18
Television
Jan 22, 2010
Full Metal Alchemist characters (Pictures!)
832
3.71
Television
Nov 6, 2018
CN Vs. Nick Roster
638
3.00
Television
Jul 1, 2011
Warcraft 3 Campaign Characters
632
3.00
Gaming
Jul 1, 2011
Crash Bandicoot Boss Order
473
5.00
Gaming
Jan 21, 2010
Go to Creator's Profile
Score Distribution
Quiz Creator Spotlight
MasterWarlord
Follow
Send a Message
Quizzes Created
-
Created Quiz Play Count
-
More By This Creator
Popular Quizzes Today
1
Find the 'City' Movie
2
Colored Red Africa Blitz
3
Find the US States - No Outlines Minefield
4
5x2 Blitz: Bands
5
The Countries of the World
6
Find the US States
7
US States
8
9x9 Crossword: Cartoon Network
More Gaming Quizzes
Images for Every Subcategory: Gaming
Published
Trending Quizzes
Colored Red Europe Blitz I
Colored Red Africa Blitz II
Colored Red Europe Blitz II
Colored Red Africa Blitz III
Colored Red Europe Blitz III
Recently Updated
2024 March Madness Bracket
pecheneg
Famous TV Couples
Peacemaker
Champions League XIs: Real Madrid
pecheneg
Largest US Cities 1790-2010
pecheneg
Rides in Walt Disney World
pecheneg
Most Oscar Losses (Acting)
pecheneg
Beyoncé Albums
pecheneg
Leaping Animals
pecheneg
Reality TV Shows (A-Z)
bhenderson79
Rickey Henderson's Hall of Fame Teammates
pecheneg
Trending Topics
Disney
Kpop
Harry Potter
Marvel
Anime
NBA
Crossword
Country
WWE
NFL
Pokémon
Puzzle
The Office
Song
Soccer
Your Account Isn't Verified!
In order to create a playlist on Sporcle, you need to verify the email address you used during registration. Go to your
Sporcle Settings
to finish the process.
Report this User
Report this user for behavior that violates our
Community Guidelines
.
Details:
Send Report
Go to the Sporcle.com Mobile Site →
Comments